000 00952nam a2200205 i 4500
001 184511
003 ES-MaACL
005 20240613145646.0
008 150922m18421896sp |||| | spa d
245 0 0 _aColección de documentos inéditos para la historia de España /
_cpor Martín Fernández Navarrete, Miguel Salvá y Pedro Sainz de Baranda.
260 _aMadrid :
_b[s.a.],
_c1842-1896 (
_fImp. de la Viuda de Calero)
300 _a112 v. ;
_c21 cm.
500 _aViuda de Calero imprime hasta el v. 57, Manuel Ginesta desde el 58 al 94, Marco y Viñas desde el 95 al 103 y Perales y Martinez desde el 104 el 112.
651 4 _aEspaña-
_xHistoria-
_vFuentes.
_98345
700 1 _aFernández de Navarrete, Martín,
_d1765-1844
_949698
700 1 _aSalvá, Miguel (
_d1791-1873)
_9156748
700 1 _aSainz de Baranda, Pedro (
_d1797-1853)
_9132303
852 _aES-MaACL
_jC-437-548
_q- Faltan vol.: 48-49, 69, 76, 80
999 _c184511
_d184511